Reconnais-tu ces acteurs français ? - Statistiques

Statistiques générales
  • Ce quiz a été pris 100 fois
  • Le résultat moyen est 13 sur 16
Statistiques - réponses
Par images Réponse % Correct
Depardieu
99%
Sy
98%
Adams
93%
Debbouze
93%
Niney
93%
Clavier
90%
Dubosc
90%
Artus
89%
Cassel
85%
Reno
83%
Lellouche
82%
Lacheau
81%
Delon
78%
Canet
77%
Lacoste
40%
Dupontel
35%
Aucun quiz correspondant
Distribution des résultats
% des personnes avec chaque résultat
Percentile par nombre de réponses
Votre historique - résultats
Vous n’avez pas pris ce quiz